| 000 | 00634nam a2200229Ia 4500 | ||
|---|---|---|---|
| 003 | OSt | ||
| 005 | 20220928145103.0 | ||
| 006 | a|||||r|||| 00| 0 | ||
| 007 | ta | ||
| 008 | 220927b |||||||| |||| 00| 0 eng d | ||
| 024 | _a78633 | ||
| 037 | _cTextual | ||
| 040 |
_aSDCL _cSDCL _beng |
||
| 041 |
_2eng _aeng |
||
| 082 | _aJa47,12,N7, L8 RR | ||
| 100 |
_aChhotey Lal _9511541 |
||
| 245 | 0 | _aReference sources in Indian agriculture and biology. | |
| 260 | _c1978 | ||
| 700 |
_a Ahsan A Shoaib _9511542 |
||
| 942 |
_hJa47,12,N7, L8 RR _cTEXL _2CC |
||
| 999 |
_c831838 _d831838 |
||